000 00914cab a2200277 4500
001 ABS56649
008 090401t1997 xxu||||| |||| 00| 0 eng d
035 _a(Sirsi) u25045
041 _aeng
100 _aSeidl, A.
245 4 _aThe VAT fight goes on
260 _c1997
350 _a0
490 _aEstates Gazette
_v(9707) 15 February 1997, 66-67(2)
520 _aReports on the property industry`s battle to persuade the government to amend new VAT rules in clause 37 of the Finance Bill. Outlines proposed amendments and gives examples of how commercial leases would work under both schemes.
650 _aBUDGET 1996
650 _aPROPERTY-COMMERCIAL PROPERTY
650 _aOPTION TO TAX
650 _aPROPERTY TRANSACTIONS
650 _aTAX AVOIDANCE
650 _aVALUE ADDED TAX
690 _aPROPERTY-COMMERCIAL PROPERTY
690 _aTAXATION
942 _n0
948 _c04/03/1997
999 _c16798
_d16798